[Event "Kaupthing op-B 1st"]
[Site "Differdange"]
[Date "2007.07.08"]
[Round "2"]
[White "Boyarchenko, Alexander Sr"]
[Black "Lobzhanidze, Anna Luise"]
[Result "0-1"]
[WhiteElo "1544"]
[BlackElo "2086"]
[PlyCount "34"]
[EventDate "2007.07.08"]
[EventType "swiss"]
[EventRounds "9"]
[EventCountry "LUX"]
[SourceTitle "EXT 2008"]
[Source "ChessBase"]
[SourceDate "2007.11.25"]
[SourceVersion "1"]
[SourceVersionDate "2007.11.25"]
[SourceQuality "1"]

1. d4 Nf6 2. c4 g6 3. Nf3 Bg7 4. Bf4 d6 5. h3 0-0 6. Nc3 a5 7. e4 Nc6 8. a3 Nd7 9. Qd2 e5 10. Bg5 f6 11. d5 Nd4 12. Nxd4 exd4 13. Nb5 fxg5 14. Nxd4 Nc5 15. Nf3 Nb3 16. Qd1 Nxa1 17. Qxa1 Qf6 0-1